Statistiques concernant Les plus grandes villes (terminant par A-Z) commençant par B

Cliquez ici pour prendre le quiz!

Statistiques générales

  • Ce quiz a été pris 122 fois
  • Le résultat moyen est 10 sur 26

Statistiques - réponses

PaysLettreVillesLettresPopulation% Correct
ColombieBBogotaA7,9 m
97%
ThaïlandeBBangkokK8,9 m
92%
IrakBBagdadD9,5 m
89%
HongrieBBudapestT1,8 m
88%
AllemagneBBerlinN3,7 m
87%
ArgentineBBuenos AiresS3,7 m
85%
MaliBBamakoO2,3 m
83%
AzerbaïdjanBBakouU2,3 m
81%
FranceBBordeauxX813 k
76%
IndeBBombayY21,3 m
65%
IndeBBangaloreE13,2 m
55%
BrésilBBelemM2,1 m
44%
IndonésieBBandungG7 m
34%
IrakBBassorahH2,1 m
23%
IndeBBhopalL2,3 m
11%
RoumanieBBrasovV291 k
10%
PologneBBydgoszczZ350 k
5%
BangladeshBBhairabB298 k
2%
IndonésieBBogorR1,1 m
2%
Viêt NamBBao LocC171 k
1%
États-UnisBBarstowW24 k
1%
Viêt NamBBuon TrapP23 k
1%
IndonésieBBekasiI2,9 m
0%
IsraëlBBene BeraqQ144 k
0%
IndeBBihar SharifF370 k
0%
AlgérieBBordj Bou ArreridjJ168 k
0%

Distribution des résultats

Percentile par nombre de réponses

% des personnes avec chaque résultat

Votre développement - résultats

Vous n’avez pas pris ce quiz